Španielska výstava v Bratislave otvorená

Správa o otvorení výstavy o Španielsku 15.6.1937 v Bratislave prejavom univ. prof. dr. Zdenka Peška. Výstavu aranžoval akad. maliarJúlius Lőrincz

Bibliographic Details
Format: Article
Language:Slovak
Subjects:

MARC

LEADER 00000nab a22000001a 4500
001 vtls009289347
003 SK-MaSNL
005 20260303202252.0
008 080424d19370617xo |r|p|||| |000 b|slo
015 |a SNBRRBVU1918-1938 
038 |a SNKBUCL 
038 |a SNKBUVU 
040 |a SNKBUVU  |b slo  |c SNKBUCL  |e AACR2 
041 0 |a slo 
044 |a xo  |c SK 
080 |a 75.071.1  |2 1997 
245 0 0 |a Španielska výstava v Bratislave otvorená  |c [autor] -rák. 
520 |a Správa o otvorení výstavy o Španielsku 15.6.1937 v Bratislave prejavom univ. prof. dr. Zdenka Peška. Výstavu aranžoval akad. maliarJúlius Lőrincz 
600 1 7 |a Lőrincz, Július,  |d 1910-1980  |2 MM  |9 48954 
650 0 7 |a slovenskí maliari  |2 snkbucl  |9 279748 
773 0 |t Slovenské zvesti  |g Roč. 2, č. 116 (17.6.1937), s. 1 
852 |a SNK  |b KIS3GCP 
910 |a snkrbvumm 
958 |a VY 
999 |c 2178697  |d 2180627